00875nam a2200241Ia 4500001000700000003000500007008004100012010001100053020001800064040000900082082001400091100002500105245014700130246001900277260004100296300001100337440002900348500011000377503001400487650002100501700006000522700005100582Z_7159CHAP220113s9999 xx 000 0 und d a170430 a968-451-073-X cCHAP a512.5 L57 aLipschutz S, Seymour aTeoria y problemas de algebra lineal /cSeymour Lipschutz ; traducción y adaptación Hugo Paredes Manchola y Luis Rafael Jiménez Becerra aAlgebra lineal aMéxico :bMcGraw-Hill,1970,c  a334 p. aSerie: Compendios Schaum aTraducción de la obra en inglés: Linear algebra primera edición 1968 \ PRESENTA HONGOS EN EMPASTADO aej.1: C/E aÁlgebra lineal a II. Jiménez Becerra, Luis Rafael, tr. y adaptación aI. Paredes Manchola, Hugo, tr. y adaptación